000 00342 a2200157 4500
001 56856
020 _a853223822X
040 _cAnchieta - Pituba
100 _aGaldino, Luiz
240 1 0 _aA maldição de Édipo
_lpor
245 1 0 _aA maldição de Édipo
300 _a112
362 0 _a1998
650 4 _aLiteratura juvenil
942 _cBK
999 _c56856
_d56856